Aim Trainer - Statistics

General Stats
  • This quiz has been taken 219 times
  • The average score is 6 of 6
Answers on the Grid
Answers color-coded by a green-red scale on the quiz's grid according to % correct below.
 
Answer Stats
Answer % Correct
98%
98%
95%
95%
94%
94%
No matching quizzes found
Score Distribution
Percent of People with Each Score
Percentile by Number Answered
Your Score History
You have not taken this quiz